000 00530nam a2200193 a 4500
001 24110
003 CO-ViMGA
008 141112s2004 ck r 000 u spa d
040 _aCO-ViMGA
_bspa
_cCO-ViMGA
082 0 4 _a641.5 C624
100 1 _aAldana, Felix
_935133
245 1 0 _aCocina doña lupita :
_bCocina mexica e internacional /
_cFelix Aldana
260 _aMéxico :
_bIbalpe
300 _a96p.
650 1 4 _aCOCINAS MEXICANA
_935134
650 1 4 _aGASTRONOMIA
_924327
650 1 4 _aRECETARIOS
_950106
942 _2ddc
_cBK
999 _c32163
_d32163